Quick Pick: Her Majesty Quiz Stats

 Plays Quiz Updated Jul 19, 2018

Score 0/14 Timer 01:30
1 Play Today
% Correct
God
94.2%
Latifah
90.9%
Dairy
90.7%
Rangers
89.6%
Stone
89.5%
English
89.3%
Mary
88.4%
% Correct
Bee
86.8%
African
86.2%
Drama
82.7%
Dead
81.1%
Damned
76%
Scream
74.5%
Frostine
72.9%

Today's Daily Dose

Missing Word
Banned Books (A-Z)

Word Ladder
Janis Joplin

Get the Picture
Occupations

You're not logged in!

Compare scores with friends on all Sporcle quizzes.
OR
Log In

Sporcle TV

Today on Sporcle TV


Watch our educational content, quiz creation guides, and fun videos on Sporcle TV.

Show Comments

Extras

Top Quizzes Today


Score Distribution

Your Account Isn't Verified!

In order to create a playlist on Sporcle, you need to verify the email address you used during registration. Go to your Sporcle Settings to finish the process.

Report this User

Report this user for behavior that violates our Community Guidelines.

Details: